000
00299nam a22001337a 4500
008
170905b xxu||||| |||| 00| 0 eng d
020
_a
0205489176u
041
_a
eng
080
_2
4 ED
_a
070
100
_a
40
101
_a
MED
245
_a
THINKING COMMUNICATION
_c
TRENHOLM.S
942
_2
udc
_c
BK
999
_c
26124
_d
26124